[Event "Roseto op 6th"]
[Site "Roseto"]
[Date "2014.06.02"]
[Round "6"]
[White "Manfroi, Andrea"]
[Black "Franciosi, Fausto"]
[Result "0-1"]
[WhiteElo "1907"]
[BlackElo "2104"]
[PlyCount "78"]
[EventDate "2014.05.30"]
[EventType "swiss"]
[EventRounds "6"]
[EventCountry "ITA"]
[SourceTitle "EXT 2016"]
[Source "ChessBase"]
[SourceDate "2015.10.08"]
[SourceVersion "1"]
[SourceVersionDate "2015.10.08"]
[SourceQuality "1"]

1. e4 d6 2. d4 Nf6 3. Nc3 e5 4. dxe5 dxe5 5. Qxd8+ Kxd8 6. Bg5 c6 7. 0-0-0+ Ke8 8. a3 Nbd7 9. h3 h6 10. Bh4 Be7 11. Nf3 Nh5 12. Bxe7 Kxe7 13. g3 Nhf6 14. Bg2 b5 15. Nh4 g6 16. f4 Nh5 17. fxe5 Nxe5 18. g4 Nf6 19. Nf3 Nfd7 20. Nxe5 Nxe5 21. Ne2 Be6 22. Nd4 Rad8 23. Nf3 Kf6 24. Rhf1 Nxf3 25. Rxf3+ Ke5 26. Rfd3 Rxd3 27. Rxd3 h5 28. gxh5 Rxh5 29. Rc3 Rg5 30. Bf3 Rg3 31. h4 Kf4 32. h5 gxh5 33. Bxh5 Rxc3 34. bxc3 Kxe4 35. Kb2 Ke3 36. a4 bxa4 37. Ka3 Kd2 38. Bf3 Bd5 39. Bg4 Kxc2 0-1

[Event "Montesilvano Adriatico op 2nd"]
[Site "Montesilvano"]
[Date "2013.03.03"]
[Round "4"]
[White "Manfroi, Andrea"]
[Black "Lantini, Marco"]
[Result "1/2-1/2"]
[WhiteElo "1852"]
[BlackElo "2128"]
[PlyCount "59"]
[EventDate "2013.03.01"]
[EventType "swiss"]
[EventRounds "5"]
[EventCountry "ITA"]
[SourceTitle "CBM 153 Extra"]
[Source "ChessBase"]
[SourceDate "2013.04.22"]
[SourceVersion "1"]
[SourceVersionDate "2013.04.22"]
[SourceQuality "1"]

1. e4 c6 2. d4 d5 3. Nc3 dxe4 4. Nxe4 Nd7 5. c3 Ngf6 6. Nxf6+ Nxf6 7. Bf4 Qb6 8. Qc2 g6 9. Bd3 Bg7 10. Nf3 0-0 11. 0-0 c5 12. dxc5 Qxc5 13. Rfe1 Be6 14. Nd4 Bc4 15. Bxc4 Qxc4 16. Be5 Rfd8 17. Qb3 Qxb3 18. Nxb3 e6 19. Rad1 Rac8 20. f3 Nd5 21. Bxg7 Kxg7 22. g3 b5 23. a3 Rd7 24. Kf2 Rdc7 25. Nd4 a6 26. Rd3 Nb6 27. Re2 Nc4 28. f4 Rb7 29. Nf3 Kf6 30. Ne5 1/2-1/2

[Event "Montesilvano Adriatico op 2nd"]
[Site "Montesilvano"]
[Date "2013.03.02"]
[Round "2"]
[White "Manfroi, Andrea"]
[Black "Pescatore, Lorenzo"]
[Result "1/2-1/2"]
[WhiteElo "1852"]
[BlackElo "2206"]
[PlyCount "106"]
[EventDate "2013.03.01"]
[EventType "swiss"]
[EventRounds "5"]
[EventCountry "ITA"]
[SourceTitle "CBM 153 Extra"]
[Source "ChessBase"]
[SourceDate "2013.04.22"]
[SourceVersion "1"]
[SourceVersionDate "2013.04.22"]
[SourceQuality "1"]

1. e4 c5 2. Nf3 Nc6 3. d4 cxd4 4. Nxd4 g6 5. Nc3 Bg7 6. Be3 Nf6 7. Bc4 0-0 8. 0-0 d6 9. h3 Bd7 10. Bb3 Rc8 11. Qd2 Qa5 12. Rad1 Rfe8 13. Rfe1 a6 14. a3 b5 15. Nxc6 Bxc6 16. Bd4 Qc7 17. Bxf6 Bxf6 18. Nd5 Bxd5 19. Qxd5 Rf8 20. c3 Qb6 21. Re3 Rc5 22. Qd3 Rfc8 23. Rf3 Kg7 24. Qe3 Qb8 25. Qd2 a5 26. Ba2 Qb6 27. Qe3 Qc7 28. Qd2 Rb8 29. Bb3 Qb6 30. Ba2 Rbc8 31. Qe3 Qb7 32. Bd5 Qb8 33. Ba2 R8c7 34. Qd2 Qa7 35. Bb3 Qb7 36. Bd5 Qb8 37. Ba2 Rc8 38. Qe3 b4 39. cxb4 axb4 40. Qb3 e6 41. Qxb4 Qxb4 42. axb4 Rb5 43. g3 Rxb4 44. Rxd6 Rxe4 45. Rd7 Rc2 46. Rb7 Rxb2 47. Rxb2 Bxb2 48. Kg2 Re2 49. Bc4 Rd2 50. Bb3 Bd4 51. Bc4 Kf8 52. Bxe6 Rxf2+ 53. Rxf2 Bxf2 1/2-1/2

[Event "Amantea op-B 8th"]
[Site "Amantea"]
[Date "2010.08.29"]
[Round "1"]
[White "Manfroi, Andrea"]
[Black "Mazzuca, Aldo"]
[Result "0-1"]
[WhiteElo "1703"]
[BlackElo "1404"]
[PlyCount "82"]
[EventDate "2010.08.29"]
[EventType "swiss"]
[EventRounds "9"]
[EventCountry "ITA"]
[SourceTitle "CBM 138 Extra"]
[Source "ChessBase"]
[SourceDate "2010.10.29"]
[SourceVersion "1"]
[SourceVersionDate "2010.10.29"]
[SourceQuality "1"]

1. e4 e5 2. Nf3 Nc6 3. Bc4 h6 4. d3 d6 5. h3 Nf6 6. Nc3 a6 7. a3 Qe7 8. Bd2 Bd7 9. Nd5 Nxd5 10. Bxd5 0-0-0 11. a4 Qe8 12. b4 Be6 13. Bxe6+ Qxe6 14. b5 Nb8 15. Qb1 d5 16. bxa6 Nxa6 17. exd5 Rxd5 18. 0-0 f6 19. Qe1 Qc6 20. Qd1 g5 21. Be3 Bc5 22. c4 Rd6 23. Bxc5 Qxc5 24. Qe2 Rhd8 25. Qe4 h5 26. Rab1 Qc6 27. Qf5+ Kb8 28. Rfd1 Qxa4 29. Ra1 Qc6 30. Ne1 e4 31. Ra3 exd3 32. Raxd3 Rxd3 33. Rxd3 Rxd3 34. Qxd3 Nc5 35. Qh7 h4 36. Qg8+ Ka7 37. Nc2 Nd7 38. Nd4 Qe4 39. Nb5+ Kb6 40. Na3 Qe1+ 41. Kh2 Qe5+ 0-1